000 00574 a2200181 4500
999 _c5469
_d5469
020 _a9781847870742
050 _aR 823 GRE 2009
100 _aGreen, Judith
_eAuthor
245 _aQualitative methods for health research /
_cJudith Green and Nicki Thorogood
250 _a2nd ed.
264 _aLondon:
_bSage Publications,
_c2009
300 _axv, 304p. :
_bill.
500 _aIncludes index
650 _aMedical care--Research--Methodology
650 _aMedical care--Research--Evaluation
700 _aThorogood, Nicki
_eAuthor
942 _2lcc
_cBK
_e2nd ed.
_h823
_iGRE
_kR